Color, espacio y estilo : (Registro nro. 2575)
[ vista simple ]
| 000 -LEADER | |
|---|---|
| fixed length control field | 01466nam a2200277Ia 4500 |
| 003 - CONTROL NUMBER IDENTIFIER | |
| control field | PE SENCICO BE |
| 005 - DATE AND TIME OF LATEST TRANSACTION | |
| control field | 20260327193504.0 |
| 008 - FIXED-LENGTH DATA ELEMENTS--GENERAL INFORMATION | |
| fixed length control field | 200515s9999 xx 000 0 und d |
| 020 ## - INTERNATIONAL STANDARD BOOK NUMBER | |
| International Standard Book Number | 978-84-252-2567-3 |
| 040 ## - CATALOGING SOURCE | |
| Original cataloging agency | PE SENCICO BE |
| Transcribing agency | PE SENCICO BE |
| 082 ## - DEWEY DECIMAL CLASSIFICATION NUMBER | |
| Classification number | 747 |
| Item number | G82 |
| 100 1# - MAIN ENTRY--PERSONAL NAME | |
| Personal name | Grimley, Chris |
| 9 (RLIN) | 607 |
| Relator term | autor |
| 245 10 - TITLE STATEMENT | |
| Title | Color, espacio y estilo : |
| Remainder of title | detalles para diseñadores de interiores / |
| Statement of responsibility, etc. | Chris Grimley, Mimi Love |
| 250 ## - EDITION STATEMENT | |
| Edition statement | 1a ed. |
| 260 ## - PUBLICATION, DISTRIBUTION, ETC. | |
| Place of publication, distribution, etc. | Barcelona : |
| Name of publisher, distributor, etc. | Gustavo Gili ; |
| Date of publication, distribution, etc. | 2015 |
| 300 ## - PHYSICAL DESCRIPTION | |
| Extent | 287 p.: |
| Other physical details | il. col., graf., |
| Dimensions | 21 cm. |
| 504 ## - BIBLIOGRAPHY, ETC. NOTE | |
| Bibliography, etc. note | p. 270-273. |
| 505 0# - FORMATTED CONTENTS NOTE | |
| Formatted contents note | Empezar un proyecto de interiores -- Gestión del proyecto -- Conceptos básicos del dibujo -- Presentación y comunicación -- Proporciones de un espacios -- Tipos de estancias -- Normativa y códigos de accesibilidad -- Color -- Materiales -- Texturas -- Estampados y motivos -- Luz natural -- Luz artificial -- Instalaciones ocultas -- Detalles -- Mobiliario -- Accesorios y exposición -- Directrices de sostenibilidad |
| 520 3# - SUMMARY, ETC. | |
| Summary, etc. | Sintetiza los enfoques del mundo del diseño interior y proporciona la información y las ideas esenciales para la redacción de proyectos de interiores de todas las escalas y su posterior ejecución |
| 650 10 - SUBJECT ADDED ENTRY--TOPICAL TERM | |
| Topical term or geographic name entry element | Arquitectura de interiores |
| 9 (RLIN) | 8 |
| 650 20 - SUBJECT ADDED ENTRY--TOPICAL TERM | |
| Topical term or geographic name entry element | Espacios interiores |
| 9 (RLIN) | 9 |
| 650 20 - SUBJECT ADDED ENTRY--TOPICAL TERM | |
| Topical term or geographic name entry element | Color en el diseño |
| 9 (RLIN) | 435 |
| 650 20 - SUBJECT ADDED ENTRY--TOPICAL TERM | |
| Topical term or geographic name entry element | Decoración de interiores |
| 9 (RLIN) | 398 |
| 700 1# - ADDED ENTRY--PERSONAL NAME | |
| 9 (RLIN) | 11 |
| Personal name | Love, Mimi |
| Relator term | autor |
| 942 ## - ADDED ENTRY ELEMENTS (KOHA) | |
| Koha item type | Libros |
| Source of classification or shelving scheme | Dewey Decimal Classification |
| Fecha de la última vez que lo usaron | Número de ingreso o de inventario | Pago total | Signatura topográfica completa | Código de barras | Tipo de documento | Estado perdido | Sistema de clasificación | Estado dañado | No es para préstamo | Retirado | Ubicación permanente | Ubicación actual | Precio efectivo desde | Fecha de adquisición |
|---|---|---|---|---|---|---|---|---|---|---|---|---|---|---|
| 15/05/2020 | 15729 | 747/G82 | BibLima26032680 | Libros | Dewey Decimal Classification | Biblioteca Central Lima | Biblioteca Central Lima | |||||||
| 19/03/2026 | 16189 | 747/G82/ej. 2 | BibLima26032681 | Libros | Dewey Decimal Classification | Biblioteca Central Lima | Biblioteca Central Lima | 19/03/2026 | 19/03/2026 | |||||
| 19/03/2026 | 747/G82 | BibZpiur26032682 | Libros | Dewey Decimal Classification | Biblioteca Piura | Biblioteca Piura | 19/03/2026 | 19/03/2026 | ||||||
| 19/03/2026 | 747/G82/ej. 2 | BibZpiur26032683 | Libros | Dewey Decimal Classification | Biblioteca Piura | Biblioteca Piura | 19/03/2026 | 19/03/2026 |